000
00503nam a22001097a 4500
082
_a
004
100
_a
प्रधान सम्पा संतोष चौबे
_9
83798
245
_a
विश्व में हिन्दी सत्तर देशाे में हिन्दी का परिदृश्य
260
_a
भोपाल
_b
आईसेक्ट पब्लिकेशन
_c
2025
650
_a
भाषा विज्ञान
_9
50429
942
_c
HIN
999
_c
68766
_d
68766